[Event "Solingen-ch"]
[Site "Solingen"]
[Date "2011.11.04"]
[Round "4"]
[White "Sherif, Malik"]
[Black "Weber, Jakob Martin"]
[Result "1/2-1/2"]
[WhiteElo "1052"]
[BlackElo "1306"]
[PlyCount "146"]
[EventDate "2011.09.23"]
[EventType "swiss"]
[EventRounds "7"]
[EventCountry "GER"]
[SourceTitle "EXT 2015"]
[Source "ChessBase"]
[SourceDate "2014.11.20"]
[SourceVersion "1"]
[SourceVersionDate "2014.11.20"]
[SourceQuality "1"]

1. Nf3 Nc6 2. g3 e5 3. Bg2 Bc5 4. d3 d6 5. 0-0 Nf6 6. Nc3 0-0 7. Re1 Re8 8. Bd2 Bd7 9. e4 Qc8 10. Bg5 Ng4 11. Rf1 h6 12. Bd2 Nf6 13. Qe2 Bg4 14. Be3 Bxe3 15. Qxe3 Bh3 16. Qe2 Bxg2 17. Kxg2 Nd4 18. Nxd4 exd4 19. Nd1 Qe6 20. Qf3 d5 21. exd5 Qxd5 22. Qxd5 Nxd5 23. c3 dxc3 24. Nxc3 Nxc3 25. bxc3 Rad8 26. d4 Re2 27. Rfc1 Rd6 28. Kf3 Rb2 29. Rcb1 Rdb6 30. Rxb2 Rxb2 31. c4 Kh7 32. Ke3 Kg6 33. h3 Kg5 34. f4+ Kg6 35. Kf3 Rc2 36. Rb1 b6 37. c5 Rxa2 38. cxb6 axb6 39. Rb3 Rd2 40. Rb4 Rd3+ 41. Kf2 Kf5 42. Rc4 Kg6 43. Rxc7 Rxd4 44. Rc6+ f6 45. Rxb6 Rd2+ 46. Kf3 Rh2 47. h4 Rh3 48. Kg4 Rh2 49. h5+ Rxh5 50. Kf3 Rc5 51. Kg2 Kh5 52. Kf3 Rc3+ 53. Kf2 Kg4 54. Rb7 Rf3+ 55. Ke2 Rxg3 56. Rxg7+ Kxf4 57. Rf7 Rg6 58. Kf2 h5 59. Rh7 Kg5 60. Kg3 f5 61. Kh3 f4 62. Ra7 Kf5 63. Ra1 Ke4 64. Re1+ Kf5 65. Rf1 Rg4 66. Rf2 Ke4 67. Re2+ Kd3 68. Rf2 Ke3 69. Ra2 f3 70. Ra3+ Kd2 71. Rxf3 Rg1 72. Rf5 Ke2 73. Rxh5 Rh1+ 1/2-1/2

[Event "Solingen-ch"]
[Site "Solingen"]
[Date "2011.10.21"]
[Round "3"]
[White "Nguyen, Philipp"]
[Black "Weber, Jakob Martin"]
[Result "1-0"]
[WhiteElo "1108"]
[BlackElo "1306"]
[PlyCount "69"]
[EventDate "2011.09.23"]
[EventType "swiss"]
[EventRounds "7"]
[EventCountry "GER"]
[SourceTitle "EXT 2015"]
[Source "ChessBase"]
[SourceDate "2014.11.20"]
[SourceVersion "1"]
[SourceVersionDate "2014.11.20"]
[SourceQuality "1"]

1. e4 e5 2. Nf3 Nc6 3. Bb5 a6 4. Bxc6 dxc6 5. Nc3 Nf6 6. 0-0 Bd6 7. d4 exd4 8. Qxd4 Be7 9. Qxd8+ Bxd8 10. Bf4 0-0 11. Rfe1 Bg4 12. Ne5 Be6 13. Nd3 Rc8 14. Rab1 Be7 15. a3 Bd6 16. e5 Nh5 17. exd6 Nxf4 18. Nxf4 Bf5 19. Ne4 Bxe4 20. Rxe4 cxd6 21. Rd4 Rcd8 22. c4 Rd7 23. c5 d5 24. b4 Rb8 25. a4 b5 26. axb5 axb5 27. Ra1 Re8 28. h3 g6 29. f3 Rc7 30. Kf2 Kg7 31. Rd3 Kf6 32. Re3 Rce7 33. Rxe7 Rxe7 34. Ra6 Rc7 35. Nxd5+ 1-0